宁波市地图 Ningbo Map Quiz - Statistics

General Stats
  • This quiz has been taken 74 times
  • The average score is 9 of 10
Answers on the Map
Answers color-coded by a green-red scale on the quiz's map according to % correct below.
 
Answer Stats
Answer % Correct
慈溪市
95%
北仑区
91%
鄞州区
88%
余姚市
88%
奉化区
86%
象山县
86%
镇海区
83%
宁海县
80%
海曙区
79%
江北区
73%
No matching quizzes found
Score Distribution
Percent of People with Each Score
Percentile by Number Answered
Your Score History
You have not taken this quiz